Pengurusan pejabat
| Main Author: | |
|---|---|
| Format: | Book |
| Published: |
Kuala Lumpur :
Utusan Pub. & Dist. ,
1998
|
| Series: | Siri pengurusan dan pentadbiran Utusan
|
| Subjects: |
MARC
| LEADER | 00000cam a2200000 7i4500 | ||
|---|---|---|---|
| 001 | 0000000835 | ||
| 005 | 20001014.0 | ||
| 020 | 0 | 0 | |a 9676108713 |
| 090 | 0 | 0 | |a 651.3 |b OMA 1998 |
| 100 | 0 | 0 | |a OMARDIN Ashaari |c 1931- |
| 245 | 1 | 0 | |a Pengurusan pejabat |c Omardin Ashaari |
| 260 | 0 | 0 | |a Kuala Lumpur : |b Utusan Pub. & Dist. , |c 1998 |
| 300 | |a vi, 403 p. ; |c 22 cm. | ||
| 440 | 0 | 0 | |a Siri pengurusan dan pentadbiran Utusan |
| 500 | 0 | 0 | |a Bibliography: [p.400-403] |
| 650 | 0 | 0 | |a Office management |
| 999 | |a 0000001845 |b Monograph |c Open Shelf |e Default branch | ||